Zmeny v zákone o účtovníctve od 1. januára 2018
Národná rada SR dňa 11. októbra 2017 schválila zákon č. 275/2017 Z. z., ktorým sa mení a dopĺňa zákon č. 431/2002 Z. z. o účtovníctve v z. n. p. s účinnosťou od 1. januára 2018. Informácia o aktuálnych zmenách.
Guardado en:
| Autor principal: | |
|---|---|
| Formato: | Capítulo de libro |
| Lenguaje: | eslovaco |
| Materias: | |
| Etiquetas: |
Sin Etiquetas, Sea el primero en etiquetar este registro!
|
MARC
| LEADER | 00000naa a2200000 4500 | ||
|---|---|---|---|
| 001 | 0239265 | ||
| 005 | 20180124070113.2 | ||
| 041 | 0 | |a slo | |
| 044 | |a SK | ||
| 245 | 1 | 0 | |a Zmeny v zákone o účtovníctve od 1. januára 2018 |c Ľudmila Novotná |
| 520 | |a Národná rada SR dňa 11. októbra 2017 schválila zákon č. 275/2017 Z. z., ktorým sa mení a dopĺňa zákon č. 431/2002 Z. z. o účtovníctve v z. n. p. s účinnosťou od 1. januára 2018. Informácia o aktuálnych zmenách. | ||
| 610 | 2 | 0 | |a novelizácia |
| 610 | 2 | 0 | |a Slovensko |
| 610 | 2 | 0 | |a zákony |
| 610 | 2 | 0 | |a pravidlá účtovné |
| 100 | 1 | |a Novotná, Ľudmila | |